000 00337 a2200133 4500
000 nam a22 7a 4500
100 _aSharma, Satyapal
110 _aSharma, Satyapal
245 _aResearch Methodology in Geography
250 _aLatest edition
260 _bABD Publishers
_c2023
264 _bABD Publishers
_c2023
942 _cBK
999 _c396813
_d396813